Problems associated with the provisioning of married quarters in the army /
Saved in:
| 主要作者: | |
|---|---|
| 其他作者: | , |
| 格式: | Thesis 圖書 |
| 語言: | English |
| 出版: |
1998.
|
| 主題: | |
| 標簽: |
添加標簽
沒有標簽, 成為第一個標記此記錄!
|
| LEADER | 01252cam a2200313 a 4500 | ||
|---|---|---|---|
| 001 | u445513 | ||
| 003 | SIRSI | ||
| 008 | 980919s1998 my t 00 eng m | ||
| 035 | |a ACI-0654 | ||
| 040 | |a UME |b UMM | ||
| 043 | |a a-my--- | ||
| 090 | |a HD31 |b UM 1998 Mohij | ||
| 099 | |a 355.71-595 |b MIj | ||
| 100 | 0 | 0 | |a Mohd. Isa Jaafar. |
| 245 | 1 | 0 | |a Problems associated with the provisioning of married quarters in the army / |c Mohd Isa Jaafar, Reduan Hj Omar and Mohammad Hj Yusoff. |
| 260 | |c 1998. | ||
| 300 | |a vi, 46 leaves [append.] : |b ill. ; |c 30 cm. | ||
| 502 | |a Dissertation (M. Mgmt.) -- Fakulti Perniagaan dan Perakaunan, Universiti Malaya, 1997/98. | ||
| 504 | |a Bibliography: leaves 47-49. | ||
| 651 | 0 | |a Malaysia |x Armed Forces |x Personnel management. | |
| 651 | 0 | |a Malaysia |x Armed Forces |x Barracks and quarters. | |
| 651 | 0 | |a Malaysia |x Armed Forces |x Military life. | |
| 700 | 0 | 0 | |a Reduan Haji Omar. |
| 700 | 0 | 0 | |a Mohammad Haji Yusoff. |
| 710 | 2 | 0 | |a Universiti Malaya. |b Fakulti Perniagaan dan Perakaunan. |
| 948 | |a 14/10/1999 |b 20/08/2004 | ||
| 596 | |a 1 9 | ||
| 999 | |a HD31 UM 1998 MOHIJ |w LC |c 1 |i A510144579 |l STACKS |m P01UTAMA |r Y |s Y |t TESIS |u 10/2/2001 | ||
| 999 | |a TESIS 355.71-595 MIJ |w LC |c 1 |i A508953860 |l DISCARD |m P09EKONOMI |r Y |s Y |t TESIS |u 10/12/1999 | ||
